Revolución sin guerrillas, ¿guerrillas sin revolución? La vigencia del concepto revolución en las guerrillas contemporáneas: el caso del Ejército de Liberación Nacional en Colombia /
Este ensayo se propone explorar el concepto/concepción de La Revolución en el imaginario político reciente en los movimientos subversivos contemporáneos. Toma como estudio de caso al Ejército de Liberación Nacional (ELN) en Colombia, intentando introducir la discusión en torno a la vigencia/actualid...
Guardado en:
| Hovedforfatter: | |
|---|---|
| Format: | Texto |
| Fag: | |
| Tags: |
Tilføj Tag
Ingen Tags, Vær først til at tagge denne postø!
|
MARC
| LEADER | 00000 a a2200000 04500 | ||
|---|---|---|---|
| 001 | 41741 | ||
| 003 | |||
| 040 | |||
| 100 | |a Puello Socarrás, José Francisco | ||
| 245 | |a Revolución sin guerrillas, ¿guerrillas sin revolución? La vigencia del concepto revolución en las guerrillas contemporáneas: |b el caso del Ejército de Liberación Nacional en Colombia / |c José Francisco Puello Socarrás | ||
| 520 | |a Este ensayo se propone explorar el concepto/concepción de La Revolución en el imaginario político reciente en los movimientos subversivos contemporáneos. Toma como estudio de caso al Ejército de Liberación Nacional (ELN) en Colombia, intentando introducir la discusión en torno a la vigencia/actualidad o caducidad/extemporaneidad de su imaginario revolucionario. | ||
| 590 | |a RRA/AGOSTO2011 | ||
| 650 | |a REVOLUCION | ||
| 650 | |a GUERRILLA | ||
| 650 | |a COLOMBIA | ||
| 650 | |a EJERCITO DE LIBERACION NACIONAL | ||
| 650 | |a IDEOLOGIAS | ||
| 773 | |g (2009), páginas 347-368 | ||
| 999 | |c 23586 |d 23586 | ||
